MDQL
is popping MORE tags! Check the
thread
!
Quizzes
Events
Quiz Creation
Community
Videos
Private Events
Remove Ads
Sign In
Join for FREE
Feedback
Dark Mode
Quiz Categories
Sports
Geography
Music
Movies
Television
Just For Fun
Miscellaneous
History
Literature
Language
Science
Gaming
Entertainment
Religion
Holiday
For Kids
Quiz Lab
Recent
Popular Today
Quiz Kudos Today
Editor Picks
Curator Picks
Quizzes by...
Day
Popularity
Type
Ratings
Length
Year
Community
Subscriptions
Recent Discussions
Orange Saloon
Badges
Playlists
Quests
Create
Leaderboards
Showdown
Live 5
Trivia Bingo
Activity
Puzzle Library
Sporcle Events
Private Events
Virtual Trivia
Globe League
Become a Host
Pub Owners
SporcleCon
Opinionation
Our Games
Videos
Blog
Mobile Apps
Partnerships
Remove Ads and Go Orange
Feedback
Sports
Athletes
MLB
NBA
NHL
NFL
Soccer
Sports Teams
WWE
NCAA
Football
Premier League
Basketball
Baseball
Hockey
Golf
Tennis
Cricket
Rugby
Auto Racing
Olympics
World Cup
Sports
Athletes
MLB
NBA
NHL
NFL
Soccer
Sports Teams
WWE
NCAA
Football
Premier League
Basketball
Baseball
Hockey
Golf
Tennis
Cricket
Rugby
Auto Racing
Olympics
World Cup
Random Quiz
Search Sporcle
×
Quiz Lab
Quiz Lab
Sports
team
Type in answers that appear in a list
Type in answers that appear in a list
Classic
Best Score? Go Orange.
Team per Player Stats
Can you name the team that each player played for?
By
enough
4m
48 Questions
982 Plays
982 Plays
982 Plays
Comments
Comments
Give Quiz Kudos
Give Quiz Kudos
-
- Ratings
hide this ad
More Info
Forced Order
Answers have to be entered in order
Answers have to be entered in order
Replay
Link that replays current quiz
Next Quiz
Link to next quiz in quiz playlist
You Got
0%
They Got
Avg Score
59%
Avg Friend Score
Upgrade to see
Score Distribution
Jump to the score distribution portion of the page
Score
0/48
Timer
04:00
0
Plays Today
Team
% Correct
NBA
Knicks...
91.5%
NBA
76ers...
90.8%
MLB
Royals...
88%
NBA
Pistons
87.3%
NBA
Rockets...
86.9%
NFL
Seahawks...
86.7%
NFL
Bengals...
86.3%
NFL
Lions...
85.9%
NBA
Nets...
83%
NFL
Dolphins...
82.8%
MLB
Blue Jays...
79.6%
MLB
Angels
77.5%
NFL
Steelers
77%
MLB
Tigers...
76.9%
NBA
76ers...
75.3%
NBA
Bullets...
75.1%
NFL
Raiders
74.7%
NBA
Hornets...
73.1%
NHL
Flames...
72.7%
NHL
Canadiens...
72.3%
NHL
Red Wings
72.2%
NBA
Bucks...
71.7%
NBA
Timberwolves...
68.5%
MLB
Braves...
68.2%
Team
% Correct
NBA
Mavericks...
68%
MLB
Red Sox...
65%
MLB
Red Sox...
60.1%
MLB
Angels...
58.1%
NHL
Red Wings...
53.5%
NHL
Rangers...
52.5%
NFL
Chargers...
51.5%
NFL
Bengals
49.6%
NFL
Eagles...
49%
NFL
Steelers...
46.6%
NBA
Celtics...
46.5%
NHL
Canadiens...
45.7%
NFL
Seahawks
43.6%
MLB
Mets...
40.5%
MLB
Cubs...
39.2%
NHL
Canadiens
32.3%
NFL
Browns...
30.3%
MLB
Giants
23.5%
MLB
Dodgers...
22.5%
NHL
Red Wings...
19.9%
NHL
Rangers...
17.2%
NHL
Sabres...
13.6%
NHL
Sabres
11.6%
NHL
Jets...
10.9%
Quiz Playlist
Details
Report
Send in Message
Add To Playlist
More Info:
Only one team per player required.
Classic:
Type in answers that appear in a list
Forced Order:
Answers have to be entered in order
Last Updated: Feb 16, 2017
Quiz Scoreboard
CHALLENGE
Sign Up to Join the Scoreboard
Show All
Scores
Hide
Comments
May contain spoilers
Recently Published
Street Fighter Characters
by Artimus82
Gaming
60s
9x9 Crossword: Cartoon Network
by jackfrog10
Miscellaneous
3m
College Basketball Coaching Resumes
by pancakes188
Sports
9m
More to Explore
Quiz From the Vault
Featured Blog Post
Where Did the Easter Bunny Come From?
hide this ad
You Might Also Like...
Tags
Player
team
Today's Top Quizzes in Sports
Browse Sports
hide this ad
Today's Top Quizzes in team
Browse team
Top Contributed Quizzes in Sports
1
2022 World Cup Stars
2
Les meilleurs buteurs des matchs entre le PSG et l’OM
3
FIFA Club World Cup Champions
4
Les entraîneurs de l'OM et du PSG au 21e siècle
5
Criteria MLB: Left Handed Sluggers
6
2023 MLB Unique Player Accomplishments
7
AFC Teams Reveal (Wrong Answers Minefield)
8
5-to-1: FBS Animal Nicknames
9
Players with Multiple 50 Home Run Seasons
10
5-to-1: UK Sports Teams
Explore More
Trending Topics
Anime
NBA
Crossword
Kpop
Disney
Marvel
Harry Potter
Puzzle
Song
Pokémon
WWE
Soccer
The Office
Country
NFL
hide this ad
More By:
enough
Quiz
Plays
Rating
Category
Featured
Created
Blitz: Name A...
467,798
4.61
Miscellaneous
Sep 24, 2010
The Office: What Character?
411,935
4.28
Television
Mar 1, 2010
Game System by Controller
359,959
4.34
Gaming
Apr 8, 2010
Animated Movie by Characters
355,638
4.57
Movies
Feb 11, 2010
Blitz: Name A... II
335,583
4.50
Miscellaneous
Oct 12, 2010
Go to Creator's Profile
Score Distribution
Quiz Creator Spotlight
enough
Follow
Send a Message
Quizzes Created
-
Created Quiz Play Count
-
More By This Creator
Popular Quizzes Today
1
Find the US States - No Outlines Minefield
2
Find the Countries of Europe - No Outlines Minefield
3
The Countries of the World
4
Find the US States
5
Risky Map Clicking: Biggest States A-Z
6
US States
7
Popular People in 1961
8
Movies - When Are They Set?
More Sports Quizzes
Nommez les 15 meilleurs scoreurs NBA de l'histoire ?
Quiz Lab
Trending Quizzes
Risky Map Clicking: Least Populous States A-Z
Countries of the World: 200 Million BC
1-10 Letter G Words
Risky Map Clicking: Next State Alphabetically
Adjectives in 80s TV Shows
Recently Updated
Leaping Animals
pecheneg
Reality TV Shows (A-Z)
bhenderson79
Rickey Henderson's Hall of Fame Teammates
pecheneg
Champions League XIs: Arsenal
pecheneg
Quick Pick: Celebrities in WWE's Hall of Fame
aduchscher
A-Z Keypad Blitz II
pecheneg
Multiple Oscar Actors
pecheneg
Mystery Phrase Blitz: Oscar 'Best Actors'
pecheneg
F. Scott Fitzgerald Novels
LTH
Pick 3 Villains
ddd62291
Trending Topics
Marvel
Kpop
Harry Potter
Crossword
Anime
NBA
Disney
Pokémon
The Office
WWE
Country
Puzzle
Soccer
Song
NFL
Your Account Isn't Verified!
In order to create a playlist on Sporcle, you need to verify the email address you used during registration. Go to your
Sporcle Settings
to finish the process.
Report this User
Report this user for behavior that violates our
Community Guidelines
.
Details:
Send Report
Go to the Sporcle.com Mobile Site →
Comments